000 00826nam0a22002651 4500
001 RU\NLR\INFOCOMM\LIB1\10460
005 20250617205811.0
010 _a5-01-000713-4
_bnid.
_925055экз.
035 _a(NLR Aleph) 004321477
090 _a2869653
_c2869653
100 _a20011029d1988 |||y0rusy50 ca
101 1 _afin
_crus
102 _aRU
105 _ay ||||000ay
200 1 _a80-luvun rauhanohjelma
_fesipuhe: Vladlen Kuznetsov
210 _aМ.
_cProgress
_d1988
215 _a102 с.
_d20 см
300 _aНа обороте тит.л.:Программа мира для 80-х годов в действии
702 1 _aKuznetsov
_bV.
_gVladlen
_4080
801 1 _aRU
_bInfoComm
_c20011029
801 0 _aRU
_bNLR
_gPSBO
_c19890506
852 _aNLR
_bН
_jФин/2-8841
942 _cBOOK
980 _aNB